000 00809nam a22002417a 4500
001 52446
003 BD-RjUL
005 20220517115007.0
008 160920s1983 bg ||||| |||| 00| 0 ben d
020 _c: TK 80.00
035 _a(BD-RjUL)52566
040 _aBD-RjUL
_bben
_cBD-RjUL
041 _aben
082 _223
_a658
_bALK 1983
100 _aআলী, এম. এইচ
_9136762
245 1 0 _aকারবার সংগঠন ও পরিসংখ্যান /
_cএম. এইচ আলী
250 _a২য় সং.
260 _aঢাকা :
_bপুথিঘর লিঃ,
_c১৯৮৩
300 _a৮০৮ পৃ. :
_bচিত্র ;
_c২১ সেমি.
650 _aManagement.
_9156895
650 _aব্যবস্থাপনা
_93038
942 _2ddc
_cBK
999 _c52446
_d52446